[Event "Titled Tuesday intern op 03rd May Late"]
[Site "Chess.com INT"]
[Date "2022.05.03"]
[Round "2"]
[White "Biletskiy, Danylo"]
[Black "Quesada Perez, Yuniesky"]
[Result "0-1"]
[WhiteElo "1956"]
[BlackElo "2589"]
[PlyCount "80"]
[EventDate "2022.05.03"]
[EventType "swiss (blitz)"]
[EventRounds "11"]
[EventCountry "USA"]
[SourceTitle "CBM 208 Extra"]
[Source "ChessBase"]
[SourceDate "2022.07.31"]
[SourceVersion "1"]
[SourceVersionDate "2022.07.31"]
[SourceQuality "1"]

1. e4 c5 2. Nf3 e6 3. d3 d5 4. Nbd2 Nf6 5. g3 Nc6 6. Bg2 Be7 7. 0-0 0-0 8. e5 Nd7 9. Re1 Qc7 10. Qe2 b5 11. h4 Bb7 12. Nf1 Rfc8 13. N1h2 Nd4 14. Qd1 b4 15. Bf4 a5 16. h5 Nxf3+ 17. Bxf3 a4 18. Ng4 Qd8 19. Qd2 c4 20. d4 c3 21. bxc3 Rxc3 22. Re3 Rac8 23. Rxc3 Rxc3 24. Be2 Nb8 25. Bd3 Nc6 26. Be3 h6 27. f4 Na5 28. f5 exf5 29. Nxh6+ gxh6 30. Bxh6 Bc8 31. Rf1 Qb6 32. Qf2 Qxh6 33. Bxf5 Bxf5 34. Qxf5 Rxg3+ 35. Kh2 Rg7 36. Qc8+ Bf8 37. Qf5 Nc6 38. Rf4 Ne7 39. Qf6 Qxh5+ 40. Rh4 Qe2+ 0-1

[Event "Titled Tuesday intern op 03rd May Late"]
[Site "Chess.com INT"]
[Date "2022.05.03"]
[Round "4"]
[White "Biletskiy, Danylo"]
[Black "Tymrakiewicz, Rafal"]
[Result "1-0"]
[WhiteElo "1956"]
[BlackElo "2193"]
[PlyCount "165"]
[EventDate "2022.05.03"]
[EventType "swiss (blitz)"]
[EventRounds "11"]
[EventCountry "USA"]
[SourceTitle "CBM 208 Extra"]
[Source "ChessBase"]
[SourceDate "2022.07.31"]
[SourceVersion "1"]
[SourceVersionDate "2022.07.31"]
[SourceQuality "1"]

1. e4 Nf6 2. d3 e5 3. Nf3 Nc6 4. Nc3 h6 5. g3 g5 6. Bg2 Bc5 7. Be3 Bb6 8. Nd5 d6 9. 0-0 Nxd5 10. exd5 Ne7 11. c4 Bxe3 12. fxe3 f5 13. Qe2 0-0 14. b4 Bd7 15. e4 f4 16. d4 g4 17. Nh4 f3 18. Bxf3 gxf3 19. Qe3 Kh7 20. dxe5 dxe5 21. Rxf3 Rxf3 22. Nxf3 Ng6 23. Rf1 Qe7 24. a3 b6 25. h4 Bg4 26. Nh2 Bh3 27. Rf2 Rf8 28. h5 Nh8 29. Rxf8 Qxf8 30. g4 Nf7 31. Qxh3 Ng5 32. Qe3 Qc8 33. Kg2 Qa6 34. Qd3 Qa4 35. Nf3 Nf7 36. Kf2 Qd7 37. Kg3 Qe7 38. Qe3 Qd7 39. c5 Kg7 40. Qc3 Qe7 41. cxb6 axb6 42. Qc6 Nd6 43. Qc2 Qf6 44. Qd2 Nxe4+ 45. Kg2 Nxd2 46. Nxd2 Qf4 47. Nf3 Qxg4+ 48. Kf2 e4 49. Nd4 Qf4+ 50. Ke2 Qg4+ 51. Ke3 Qg3+ 52. Kxe4 Qh4+ 53. Kd3 Qxh5 54. Ne6+ Kf6 55. Nxc7 Ke5 56. Kc4 Kd6 57. Nb5+ Ke5 58. Nc3 Qh4+ 59. Kb5 Qd8 60. Ka4 Kd4 61. Kb3 Kd3 62. Nb5 h5 63. Ka4 h4 64. d6 h3 65. Nc7 Qd7+ 66. b5 h2 67. Nd5 Qxd6 68. Nb4+ Kd2 69. Na6 h1Q 70. Kb3 Qa8 71. Nb4 Qa6 72. a4 Qc5 73. Nxa6 Qd5+ 74. Kb4 Kd3 75. a5 Qc4+ 76. Ka3 bxa5 77. b6 Qc3+ 78. Ka4 Qc4+ 79. Kxa5 Qa2+ 80. Kb5 Qc4+ 81. Ka5 Qb3 82. Nc5+ Kc4 83. Nxb3 1-0

[Event "Titled Tuesday intern op 19th Apr Early"]
[Site "Chess.com INT"]
[Date "2022.04.19"]
[Round "3"]
[White "Pires, Marcos Vinicius Tor"]
[Black "Biletskiy, Danylo"]
[Result "1/2-1/2"]
[WhiteElo "2287"]
[BlackElo "1956"]
[PlyCount "150"]
[EventDate "2022.04.19"]
[EventType "swiss (blitz)"]
[EventRounds "11"]
[EventCountry "USA"]
[SourceTitle "EXT 2023"]
[Source "ChessBase"]
[SourceDate "2022.10.05"]
[SourceVersion "1"]
[SourceVersionDate "2022.10.05"]
[SourceQuality "1"]

1. e4 c5 2. c3 Nf6 3. e5 Nd5 4. d4 cxd4 5. Nf3 Nc6 6. cxd4 d6 7. Bc4 Nb6 8. Bb5 dxe5 9. Nxe5 Bd7 10. Nxd7 Qxd7 11. Nc3 e6 12. 0-0 Be7 13. Be3 0-0 14. Qf3 Rfd8 15. Rfd1 Rac8 16. Rac1 a6 17. Bxc6 Rxc6 18. Ne4 Rxc1 19. Rxc1 Nd5 20. Nc5 Qb5 21. b3 Rc8 22. Qd1 h6 23. h3 Nxe3 24. fxe3 Bxc5 25. Qc2 b6 26. Qc4 Qxc4 27. Rxc4 Rc7 28. dxc5 Rxc5 29. Rb4 b5 30. a4 Kf8 31. Kf2 Ke7 32. Ke2 Kd6 33. Rd4+ Kc6 34. axb5+ Kxb5 35. Rd7 Kb4 36. Rxf7 Kxb3 37. Rxg7 a5 38. Ra7 a4 39. Kd2 a3 40. Rb7+ Ka4 41. Ra7+ Ra5 42. Rxa5+ Kxa5 43. Kc2 Kb5 44. g4 Kc5 45. h4 Kd5 46. g5 hxg5 47. hxg5 Ke5 48. Kb3 Kf5 49. Kxa3 Kxg5 50. Kb3 Kf5 51. Kc3 Ke4 52. Kd2 Kf3 53. Kd3 e5 54. e4 Kf4 55. Kd2 Kg3 56. Ke1 Kf3 57. Kd1 Kf2 58. Kd2 Kg2 59. Ke2 Kg3 60. Ke3 Kg4 61. Kd3 Kf4 62. Kd2 Kf3 63. Ke1 Ke3 64. Kd1 Kd3 65. Ke1 Kc3 66. Kd1 Kc4 67. Ke1 Kd4 68. Kd1 Kd3 69. Ke1 Kxe4 70. Ke2 Kd4 71. Kd2 e4 72. Ke2 e3 73. Ke1 Kd3 74. Kd1 e2+ 75. Ke1 Ke3 1/2-1/2

[Event "Titled Tuesday intern op 12th Apr Early"]
[Site "Chess.com INT"]
[Date "2022.04.12"]
[Round "5"]
[White "Biletskiy, Danylo"]
[Black "Fathy, Elameir"]
[Result "1/2-1/2"]
[WhiteElo "1956"]
[BlackElo "2300"]
[PlyCount "63"]
[EventDate "2022.04.12"]
[EventType "swiss (blitz)"]
[EventRounds "11"]
[EventCountry "USA"]
[SourceTitle "CBM 207 Extra"]
[Source "ChessBase"]
[SourceDate "2022.05.31"]
[SourceVersion "1"]
[SourceVersionDate "2022.05.31"]
[SourceQuality "1"]

1. e4 c6 2. Ne2 d5 3. e5 Bf5 4. Ng3 Bg6 5. h4 h5 6. e6 fxe6 7. d4 Qd6 8. f4 Nh6 9. Bd3 Nf5 10. 0-0 Nd7 11. Nd2 0-0-0 12. Nxf5 Bxf5 13. Nf3 g6 14. Ne5 Nxe5 15. fxe5 Qc7 16. Bg5 Bh6 17. c3 Bxg5 18. hxg5 Rdf8 19. Rf2 Bxd3 20. Rxf8+ Rxf8 21. Qxd3 Rf5 22. Rf1 Qb6 23. Qd2 Rxf1+ 24. Kxf1 Qa6+ 25. Kg1 Qxa2 26. Qc2 Qa1+ 27. Kh2 Qe1 28. Qxg6 Qh4+ 29. Kg1 Qe1+ 30. Kh2 Qh4+ 31. Kg1 Qe1+ 32. Kh2 1/2-1/2

[Event "Titled Tuesday intern op 12th Apr Early"]
[Site "Chess.com INT"]
[Date "2022.04.12"]
[Round "7"]
[White "Biletskiy, Danylo"]
[Black "Gaehwiler, Gabriel"]
[Result "1-0"]
[WhiteElo "1956"]
[BlackElo "2421"]
[PlyCount "247"]
[EventDate "2022.04.12"]
[EventType "swiss (blitz)"]
[EventRounds "11"]
[EventCountry "USA"]
[SourceTitle "CBM 207 Extra"]
[Source "ChessBase"]
[SourceDate "2022.05.31"]
[SourceVersion "1"]
[SourceVersionDate "2022.05.31"]
[SourceQuality "1"]

1. e4 c5 2. Nf3 d6 3. Bb5+ Bd7 4. Bxd7+ Qxd7 5. 0-0 Nc6 6. Re1 Nf6 7. c3 e6 8. d4 cxd4 9. cxd4 d5 10. e5 Ne4 11. Nbd2 Nxd2 12. Bxd2 Be7 13. Rc1 0-0 14. Qb3 Rfc8 15. a3 b6 16. Rc2 Na5 17. Bxa5 Rxc2 18. Qxc2 bxa5 19. Rc1 Bd8 20. Qc6 Qxc6 21. Rxc6 Rb8 22. g3 Kf8 23. Rc2 Ke8 24. Kf1 Bb6 25. Ke2 Ke7 26. Kd3 h6 27. Nd2 Bd8 28. b3 Kd7 29. Rc3 Ke7 30. Rc6 Kd7 31. Rc2 Be7 32. Ra2 Rc8 33. b4 axb4 34. axb4 Bxb4 35. Rxa7+ Ke8 36. Rb7 Ba5 37. Rb5 Bd8 38. Rb1 Ba5 39. Rb5 Bd8 40. Nb3 Ra8 41. Nc5 Be7 42. Nb3 Rc8 43. Rb7 g6 44. h3 Ra8 45. Nd2 Bd8 46. Rb5 Ra3+ 47. Rb3 Ra4 48. Rb5 Kd7 49. Rb8 Ra3+ 50. Rb3 Ra7 51. Rc3 Rb7 52. Rb3 Rc7 53. Rc3 Ra7 54. Rb3 Be7 55. Rb5 h5 56. Rb3 Ke8 57. f4 Ra8 58. Rb1 Ra3+ 59. Rb3 Ra7 60. Rb1 Bd8 61. Rb8 Kd7 62. Rb5 Kc6 63. Rb3 Bb6 64. Rc3+ Kd7 65. Rb3 Kc7 66. Rc3+ Kb7 67. Rb3 Ra4 68. Nf3 Kc6 69. g4 hxg4 70. hxg4 Ra1 71. Rb2 Ra3+ 72. Ke2 Kc7 73. Rc2+ Kd7 74. Rd2 Ba5 75. Rd3 Ra2+ 76. Ke3 Bd8 77. Rd2 Ra3+ 78. Rd3 Ra7 79. Rd2 Be7 80. Rd3 Ke8 81. Rd2 Rc7 82. Rd3 Kf8 83. Rd2 Kg7 84. Rd3 Rc8 85. Rd2 Rc1 86. Re2 Rc3+ 87. Kf2 Bd8 88. Re3 Rc2+ 89. Re2 Rc4 90. Rd2 Bb6 91. Rd3 Rc2+ 92. Ke3 Ba7 93. Rd2 Rc3+ 94. Rd3 Rc4 95. Ra3 Bb6 96. Rb3 Bd8 97. Nd2 Rc8 98. Nf3 Be7 99. Kd3 Rh8 100. Ke3 Rd8 101. Rb7 Kf8 102. Ra7 Rb8 103. Rc7 Bd8 104. Rc3 Ke8 105. Rd3 Rb2 106. Rd2 Rxd2 107. Kxd2 Ba5+ 108. Kd3 Ke7 109. Nh4 Bd8 110. f5 exf5 111. gxf5 Ke8 112. f6 Kd7 113. Ng2 Kc6 114. Ne3 Bb6 115. Ng4 Bd8 116. Nh6 Kd7 117. Nxf7 Bb6 118. Ng5 Ke8 119. e6 Bd8 120. f7+ Kf8 121. Nh7+ Kg7 122. f8Q+ Kxh7 123. Qxd8 Kh6 124. Qh4+ 1-0

[Event "Titled Tuesday intern op 12th Apr Early"]
[Site "Chess.com INT"]
[Date "2022.04.12"]
[Round "2"]
[White "Bluebaum, Matthias"]
[Black "Biletskiy, Danylo"]
[Result "1-0"]
[WhiteElo "2637"]
[BlackElo "1956"]
[PlyCount "97"]
[EventDate "2022.04.12"]
[EventType "swiss (blitz)"]
[EventRounds "11"]
[EventCountry "USA"]
[SourceTitle "CBM 207 Extra"]
[Source "ChessBase"]
[SourceDate "2022.05.31"]
[SourceVersion "1"]
[SourceVersionDate "2022.05.31"]
[SourceQuality "1"]

1. b3 e5 2. Bb2 d6 3. e3 Nf6 4. c4 Nbd7 5. g3 g6 6. Bg2 Bg7 7. Ne2 0-0 8. 0-0 e4 9. d3 exd3 10. Qxd3 Re8 11. Nbc3 Nc5 12. Qd2 Bf5 13. Nd4 Nfe4 14. Nxe4 Nxe4 15. Qc1 Bd7 16. Qc2 f5 17. Rad1 Qe7 18. Rfe1 Rad8 19. b4 c5 20. bxc5 dxc5 21. Nb5 Bxb5 22. cxb5 Bxb2 23. Qxb2 Rxd1 24. Rxd1 Rd8 25. Qc2 Rxd1+ 26. Qxd1 Qd6 27. Qa4 Qd5 28. Bf3 c4 29. Qxa7 c3 30. Qb8+ Kg7 31. Qc7+ Kh6 32. Bxe4 fxe4 33. Qxc3 Qxb5 34. Qf6 Qd3 35. Qf8+ Kh5 36. Kg2 Qe2 37. Qf4 g5 38. Qxe4 Kh6 39. Qe6+ Kg7 40. Qe7+ Kg6 41. a4 Qc2 42. Qxb7 Qxa4 43. Qb6+ Kg7 44. Qd4+ Qxd4 45. exd4 Kf7 46. Kf3 Ke6 47. Kg4 Kf6 48. Kh5 Kf5 49. h3 1-0

[Event "Titled Tuesday intern op 12th Apr Early"]
[Site "Chess.com INT"]
[Date "2022.04.12"]
[Round "4"]
[White "Nilsson, Joakim"]
[Black "Biletskiy, Danylo"]
[Result "0-1"]
[WhiteElo "2175"]
[BlackElo "1956"]
[PlyCount "74"]
[EventDate "2022.04.12"]
[EventType "swiss (blitz)"]
[EventRounds "11"]
[EventCountry "USA"]
[SourceTitle "CBM 207 Extra"]
[Source "ChessBase"]
[SourceDate "2022.05.31"]
[SourceVersion "1"]
[SourceVersionDate "2022.05.31"]
[SourceQuality "1"]

1. d4 d5 2. Nc3 c6 3. Bf4 Nf6 4. e3 g6 5. h4 Bg7 6. Be2 0-0 7. h5 Ne4 8. Nxe4 dxe4 9. c3 Be6 10. Nh3 f6 11. hxg6 hxg6 12. Bg4 Qd7 13. Bxe6+ Qxe6 14. Qb3 Qxb3 15. axb3 Nd7 16. Bg3 Kf7 17. Nf4 Rh8 18. Kd2 a6 19. b4 e5 20. Ne2 Rad8 21. Kc2 f5 22. dxe5 Nxe5 23. Nf4 g5 24. Nh5 Nd3 25. Nxg7 Kxg7 26. f3 Rxh1 27. Rxh1 Rh8 28. Rxh8 Kxh8 29. Bd6 Kg7 30. Bc5 g4 31. fxg4 fxg4 32. Bd4+ Kg6 33. Kb3 g3 34. Kc4 b5+ 35. Kb3 Kf5 36. c4 Ne1 37. Bb6 Nxg2 0-1

[Event "Titled Tuesday intern op 05th Apr Early"]
[Site "Chess.com INT"]
[Date "2022.04.05"]
[Round "10"]
[White "Biletskiy, Danylo"]
[Black "Miszler, Levente"]
[Result "0-1"]
[WhiteElo "1956"]
[BlackElo "2232"]
[PlyCount "152"]
[EventDate "2022.04.05"]
[EventType "swiss (blitz)"]
[EventRounds "11"]
[EventCountry "USA"]
[SourceTitle "CBM 207 Extra"]
[Source "ChessBase"]
[SourceDate "2022.05.31"]
[SourceVersion "1"]
[SourceVersionDate "2022.05.31"]
[SourceQuality "1"]

1. e4 e6 2. d3 d5 3. Nd2 Nf6 4. Ngf3 Be7 5. g3 0-0 6. Bg2 c5 7. 0-0 Nc6 8. Re1 b5 9. h4 Bb7 10. e5 Nd7 11. Nf1 Qc7 12. Bf4 Rfc8 13. Ne3 Qd8 14. h5 h6 15. Ng4 Bf8 16. Qd2 a5 17. Bh3 a4 18. Bxh6 gxh6 19. Nxh6+ Bxh6 20. Qxh6 Qf8 21. Qf4 Qg7 22. Re2 b4 23. Rae1 b3 24. cxb3 axb3 25. a3 Ne7 26. h6 Qg6 27. Ng5 Rf8 28. h7+ Kh8 29. Bg4 d4 30. f3 Nd5 31. Qd2 Ne3 32. Rxe3 dxe3 33. Qxe3 Nb6 34. f4 Nd5 35. Qe2 Ra4 36. Bh5 Qg7 37. Rf1 Ba6 38. Rc1 Rd4 39. Rxc5 Rxd3 40. Qh2 Rd4 41. Rc1 Ne3 42. Qh4 Nf5 43. Qg4 Rd3 44. Kh2 Rxg3 45. Qd1 Rxg5 46. fxg5 Qxg5 47. Qg4 Qxg4 48. Bxg4 Kxh7 49. Bxf5+ exf5 50. Rc6 Bd3 51. Kg3 Kg7 52. Kf4 Be4 53. Rc3 Bc2 54. a4 Ra8 55. Rc4 Rh8 56. a5 Rh4+ 57. Kg5 Rxc4 58. a6 Rg4+ 59. Kh5 Ra4 60. a7 Rxa7 61. Kg5 Ra5 62. Kf4 f6 63. e6 Re5 64. e7 Rxe7 65. Kf3 Be4+ 66. Kf2 Rc7 67. Ke3 Rc2 68. Kd4 Rxb2 69. Kc3 Rc2+ 70. Kd4 f4 71. Kxe4 b2 72. Kf5 b1Q 73. Kg4 Rg2+ 74. Kf3 Qf1+ 75. Ke4 Qe2+ 76. Kf5 Qe5# 0-1

[Event "Titled Tuesday intern op 05th Apr Early"]
[Site "Chess.com INT"]
[Date "2022.04.05"]
[Round "6"]
[White "Biletskiy, Danylo"]
[Black "Namitbir, Singh Walia"]
[Result "0-1"]
[WhiteElo "1956"]
[BlackElo "2293"]
[PlyCount "80"]
[EventDate "2022.04.05"]
[EventType "swiss (blitz)"]
[EventRounds "11"]
[EventCountry "USA"]
[SourceTitle "CBM 207 Extra"]
[Source "ChessBase"]
[SourceDate "2022.05.31"]
[SourceVersion "1"]
[SourceVersionDate "2022.05.31"]
[SourceQuality "1"]

1. e4 c5 2. Nf3 Nc6 3. Bb5 g6 4. 0-0 Bg7 5. Re1 e6 6. c3 Nge7 7. d4 cxd4 8. cxd4 d5 9. e5 0-0 10. b3 Bd7 11. Ba3 Nxe5 12. Nxe5 Bxb5 13. Nc3 Bd7 14. Rc1 Rc8 15. Qd3 Re8 16. Nxd7 Qxd7 17. Na4 Nf5 18. Nc5 Qc6 19. Bb2 b6 20. Na4 Qd7 21. g3 Nd6 22. Nc3 Rc7 23. Ba3 Rec8 24. Bxd6 Qxd6 25. Nb5 Rxc1 26. Nxd6 Rxe1+ 27. Kg2 Rf8 28. Qa6 Bxd4 29. Qxa7 Re2 30. Nb5 Rxf2+ 31. Kh3 Bc5 32. a3 Ra2 33. b4 Bg1 34. Kg4 Rxh2 35. a4 h5+ 36. Kg5 Be3+ 37. Kf6 Rf2+ 38. Ke7 Bg5+ 39. Kd6 Rd8+ 40. Ke5 Bf6# 0-1

[Event "Titled Tuesday intern op 05th Apr Early"]
[Site "Chess.com INT"]
[Date "2022.04.05"]
[Round "5"]
[White "Pakleza, Zbigniew"]
[Black "Biletskiy, Danylo"]
[Result "1-0"]
[WhiteElo "2505"]
[BlackElo "1956"]
[PlyCount "79"]
[EventDate "2022.04.05"]
[EventType "swiss (blitz)"]
[EventRounds "11"]
[EventCountry "USA"]
[SourceTitle "CBM 207 Extra"]
[Source "ChessBase"]
[SourceDate "2022.05.31"]
[SourceVersion "1"]
[SourceVersionDate "2022.05.31"]
[SourceQuality "1"]

1. d4 Nf6 2. Nf3 e6 3. Bf4 b6 4. e3 Bb7 5. h3 d5 6. Nbd2 c5 7. Ne5 Nc6 8. Bb5 Rc8 9. c3 Bd6 10. Qa4 Bxe5 11. Bxe5 a6 12. Bxa6 Ra8 13. Bxb7 Rxa4 14. Bxc6+ Nd7 15. Bxa4 0-0 16. Bxd7 Qxd7 17. 0-0 f6 18. Bg3 Ra8 19. a3 Qb5 20. Rab1 Qd3 21. Nf3 Rc8 22. Rfd1 Qa6 23. Rbc1 Qa4 24. Rd2 Qb3 25. Re1 Kf7 26. e4 h6 27. exd5 exd5 28. Rde2 Kg8 29. h4 Rd8 30. h5 Qb5 31. Nh4 cxd4 32. cxd4 Qa4 33. Nf5 Qd7 34. Ne7+ Kh7 35. f3 Qe8 36. Ng6 Qd7 37. Re7 Qf5 38. Nf4 Rc8 39. Ne6 Rg8 40. Nf4 1-0

[Event "Titled Tuesday intern op 29th Mar Early"]
[Site "Chess.com INT"]
[Date "2022.03.29"]
[Round "3"]
[White "Biletskiy, Danylo"]
[Black "Beerdsen, Thomas"]
[Result "0-1"]
[WhiteElo "1956"]
[BlackElo "2496"]
[PlyCount "44"]
[EventDate "2022.03.29"]
[EventType "swiss (blitz)"]
[EventRounds "11"]
[EventCountry "USA"]
[SourceTitle "CBM 207 Extra"]
[Source "ChessBase"]
[SourceDate "2022.05.31"]
[SourceVersion "1"]
[SourceVersionDate "2022.05.31"]
[SourceQuality "1"]

1. e4 e5 2. Nf3 Nc6 3. Bc4 f5 4. d3 d6 5. Ng5 Nh6 6. Ne6 Bxe6 7. Bxe6 Qf6 8. Bd5 0-0-0 9. Nc3 Nd4 10. Be3 c6 11. Bb3 Ng4 12. 0-0 h5 13. Ne2 Nxe2+ 14. Qxe2 Kb8 15. a4 f4 16. Bd2 d5 17. f3 Bc5+ 18. Kh1 Qh4 19. h3 Qg3 20. fxg4 hxg4 21. Be1 Rxh3+ 22. gxh3 Qxh3+ 0-1

[Event "Kiev-Lvov Region Blitz"]
[Site "Kiev"]
[Date "2021.09.15"]
[Round "3"]
[White "Biletskiy, Danylo"]
[Black "Kvak, Robert"]
[Result "1-0"]
[WhiteElo "2021"]
[BlackElo "1991"]
[PlyCount "75"]
[EventDate "2021.09.15"]
[EventType "team-match (blitz)"]
[EventRounds "8"]
[EventCountry "UKR"]
[SourceTitle "CBM 204 Extra"]
[Source "ChessBase"]
[SourceDate "2021.11.30"]
[SourceVersion "1"]
[SourceVersionDate "2021.11.30"]
[SourceQuality "1"]
[WhiteTeam "Kiev Region"]
[BlackTeam "Lvov Region"]
[WhiteTeamCountry "UKR"]
[BlackTeamCountry "UKR"]

1. Nf3 c5 2. g3 Nc6 3. c4 g6 4. Bg2 Bg7 5. 0-0 e5 6. Nc3 Nge7 7. d3 0-0 8. a3 a5 9. Rb1 d6 10. Bd2 h6 11. Ne1 Be6 12. Nc2 d5 13. cxd5 Nxd5 14. Ne3 Nxe3 15. Bxe3 Qe7 16. Bxc6 bxc6 17. Na4 Rfb8 18. Bxc5 Qd8 19. b4 axb4 20. axb4 e4 21. d4 Bh3 22. Re1 h5 23. Nc3 Qe8 24. Qd2 h4 25. Ra1 hxg3 26. hxg3 Kh7 27. Qf4 Bf5 28. g4 Bh6 29. Qg3 Bd7 30. Bd6 Rxa1 31. Rxa1 Ra8 32. Rxa8 Qxa8 33. Be5 Qa1+ 34. Kg2 Qc1 35. Nxe4 Bg7 36. Qh4+ Kg8 37. Nf6+ Bxf6 38. Bxf6 1-0

[Event "Kiev-Lvov Region Blitz"]
[Site "Kiev"]
[Date "2021.09.15"]
[Round "7"]
[White "Bilyy, Vasyl"]
[Black "Biletskiy, Danylo"]
[Result "0-1"]
[WhiteElo "1613"]
[BlackElo "2021"]
[PlyCount "32"]
[EventDate "2021.09.15"]
[EventType "team-match (blitz)"]
[EventRounds "8"]
[EventCountry "UKR"]
[SourceTitle "CBM 204 Extra"]
[Source "ChessBase"]
[SourceDate "2021.11.30"]
[SourceVersion "1"]
[SourceVersionDate "2021.11.30"]
[SourceQuality "1"]
[WhiteTeam "Lvov Region"]
[BlackTeam "Kiev Region"]
[WhiteTeamCountry "UKR"]
[BlackTeamCountry "UKR"]

1. e4 c5 2. Nf3 Nc6 3. g3 g6 4. Bg2 Bg7 5. 0-0 e5 6. Nc3 Nge7 7. d3 0-0 8. Be3 d6 9. Qd2 Nd4 10. Ne2 Bh3 11. Nfxd4 Bxg2 12. Ne6 Qc8 13. Nxf8 Bf3 14. Ne6 Qxe6 15. Nf4 exf4 16. Bxf4 Qh3 0-1

[Event "Kiev-Lvov Region Rapid"]
[Site "Kiev"]
[Date "2021.09.14"]
[Round "1"]
[White "Kvak, Robert"]
[Black "Biletskiy, Danylo"]
[Result "1-0"]
[WhiteElo "1991"]
[BlackElo "2021"]
[PlyCount "91"]
[EventDate "2021.09.14"]
[EventType "team-match (rapid)"]
[EventRounds "4"]
[EventCountry "UKR"]
[SourceTitle "CBM 204 Extra"]
[Source "ChessBase"]
[SourceDate "2021.11.30"]
[SourceVersion "1"]
[SourceVersionDate "2021.11.30"]
[SourceQuality "1"]
[WhiteTeam "Lvov Region"]
[BlackTeam "Kiev Region"]
[WhiteTeamCountry "UKR"]
[BlackTeamCountry "UKR"]

1. e4 c5 2. Nf3 g6 3. c3 d5 4. e5 Nc6 5. d4 Bg4 6. Nbd2 cxd4 7. cxd4 Qb6 8. h3 Bf5 9. Qa4 Bd7 10. Bb5 Nxe5 11. Bxd7+ Nxd7 12. Ne5 Ngf6 13. Ndf3 Qa6 14. Qxa6 bxa6 15. Bf4 Rc8 16. 0-0 Bg7 17. Rfc1 0-0 18. Nc6 Rce8 19. Nxa7 Ra8 20. Rc7 e6 21. Rac1 Rfb8 22. b3 Rb6 23. Nc8 Rb5 24. Nd6 Rb6 25. Rc8+ Rxc8 26. Rxc8+ Bf8 27. Ne5 Rxd6 28. Nxd7 Rxd7 29. Bh6 Kh8 30. Bxf8 h5 31. Ra8 Kh7 32. Rxa6 Ne4 33. b4 Rc7 34. Bc5 Kg7 35. a4 e5 36. f3 Nc3 37. dxe5 d4 38. Rd6 Nxa4 39. Bxd4 Kf8 40. Kh2 Rc4 41. b5 Rb4 42. b6 Ke7 43. Be3 Kf8 44. Rd4 Rxb6 45. Rxa4 Rb3 46. Bg5 1-0

[Event "Titled Tuesday intern op 24th Aug"]
[Site "Chess.com INT"]
[Date "2021.08.24"]
[Round "5"]
[White "Biletskiy, Danylo"]
[Black "Colas, Joshua"]
[Result "1-0"]
[WhiteElo "2067"]
[BlackElo "2283"]
[PlyCount "63"]
[EventDate "2021.08.24"]
[EventType "swiss (blitz)"]
[EventRounds "11"]
[EventCountry "USA"]
[SourceTitle "EXT 2022"]
[Source "ChessBase"]
[SourceDate "2021.10.06"]
[SourceVersion "1"]
[SourceVersionDate "2021.10.06"]
[SourceQuality "1"]

1. e4 e6 2. d3 d5 3. Nd2 c5 4. Ngf3 Nc6 5. g3 g6 6. Bg2 Bg7 7. 0-0 Nge7 8. Re1 0-0 9. e5 b5 10. Nf1 Bb7 11. h4 Qc7 12. Bf4 Nd4 13. N1h2 Nxf3+ 14. Bxf3 d4 15. Ng4 Bxf3 16. Qxf3 Qc6 17. Re4 h5 18. Nf6+ Bxf6 19. exf6 Nf5 20. g4 hxg4 21. Qxg4 Kh7 22. Re5 Rh8 23. Bg5 Kg8 24. a4 b4 25. b3 Rh5 26. Rae1 Rd8 27. Kh2 Kh7 28. Kh3 Rd5 29. Qe4 Nxh4 30. Rxd5 Nf3+ 31. Kg4 Nxg5 32. Rxg5 1-0

[Event "Titled Tuesday intern op 24th Aug"]
[Site "Chess.com INT"]
[Date "2021.08.24"]
[Round "8"]
[White "Biletskiy, Danylo"]
[Black "Nguyen, Thien Ngan"]
[Result "1-0"]
[WhiteElo "2067"]
[BlackElo "1861"]
[PlyCount "95"]
[EventDate "2021.08.24"]
[EventType "swiss (blitz)"]
[EventRounds "11"]
[EventCountry "USA"]
[SourceTitle "EXT 2022"]
[Source "ChessBase"]
[SourceDate "2021.10.06"]
[SourceVersion "1"]
[SourceVersionDate "2021.10.06"]
[SourceQuality "1"]

1. e4 e5 2. Nf3 Nc6 3. d4 exd4 4. Bc4 Bc5 5. c3 Nf6 6. e5 d5 7. Bb5 Ne4 8. cxd4 Bb6 9. Nc3 0-0 10. Be3 Bg4 11. h3 Bh5 12. Qc2 Bg6 13. Qb3 Nxc3 14. Bxc6 Ba5 15. Qa3 bxc6 16. Qxa5 Ne4 17. Rc1 Rb8 18. b3 Rb6 19. 0-0 Qd7 20. Qxa7 Rfb8 21. Qa5 Rb5 22. Qe1 Ra8 23. Qe2 c5 24. dxc5 Nxc5 25. Bxc5 Be4 26. e6 fxe6 27. Ne5 Qe8 28. f3 Bf5 29. g4 Bg6 30. Nxg6 hxg6 31. Rfe1 Rba5 32. a4 R5a6 33. b4 Qf7 34. a5 Kh7 35. Kg2 g5 36. Qd3+ Kg8 37. Re5 Qf6 38. Rce1 Rc6 39. Qe3 Re8 40. b5 Rxc5 41. Qxc5 Qf4 42. Qe3 Qc4 43. Rxe6 Rf8 44. Re8 Qc2+ 45. Re2 Qg6 46. Qe6+ Qxe6 47. R2xe6 Rxe8 48. Rxe8+ 1-0

[Event "Titled Tuesday intern op 24th Aug"]
[Site "Chess.com INT"]
[Date "2021.08.24"]
[Round "6"]
[White "Biletskiy, Danylo"]
[Black "Timmermans, Mark"]
[Result "0-1"]
[WhiteElo "2067"]
[BlackElo "2385"]
[PlyCount "110"]
[EventDate "2021.08.24"]
[EventType "swiss (blitz)"]
[EventRounds "11"]
[EventCountry "USA"]
[SourceTitle "EXT 2022"]
[Source "ChessBase"]
[SourceDate "2021.10.06"]
[SourceVersion "1"]
[SourceVersionDate "2021.10.06"]
[SourceQuality "1"]

1. e4 e5 2. Nf3 Nc6 3. d4 exd4 4. Bc4 Nf6 5. e5 d5 6. Bb5 Ne4 7. Nxd4 Bc5 8. Be3 Bd7 9. Bxc6 bxc6 10. 0-0 Bb6 11. f3 Ng5 12. f4 Ne4 13. Nd2 Nxd2 14. Qxd2 c5 15. Nf3 d4 16. Bf2 Bc6 17. Bh4 Qd7 18. Rad1 0-0 19. Qf2 Qf5 20. Bg5 h6 21. Nh4 Qh7 22. Be7 Rfe8 23. Bxc5 Bxc5 24. c3 Rad8 25. cxd4 Bb6 26. Rfe1 g5 27. fxg5 hxg5 28. Nf5 Qg6 29. Re3 Bd7 30. Rf3 Rxe5 31. dxe5 Bxf2+ 32. Rxf2 Bxf5 33. Rxd8+ Kg7 34. h3 Be6 35. a3 Qb1+ 36. Kh2 Qe1 37. Rdd2 Qxe5+ 38. Kg1 c5 39. Rfe2 Qg3 40. Rf2 c4 41. Rc2 Qe3 42. Rc3 Qe1+ 43. Rf1 Qd2 44. Rf2 Qd1+ 45. Rf1 Qd4+ 46. Rf2 f5 47. Rg3 Kf6 48. Rc3 Bd5 49. Rcc2 Be4 50. Rcd2 Bd3 51. Kh2 Qe5+ 52. Kg1 Kg6 53. Rd1 g4 54. hxg4 fxg4 55. Rdd2 g3 0-1